000 00706nam a2200241 i 4500
001 12671
003 ES-MaACL
005 20260616183741.0
007 t|
008 921013s1991 sp a |||| | spa d
020 _a84-7720-179-X
080 _a003.62
100 1 _aCoomaraswamy, Ananda Kentish,
_d1877-1947
_940369
245 1 3 _aEl tiro con arco /
_cAnanda K. Coomaraswamy.
250 _a1ª ed.
260 _aBarcelona :
_bObelisco,
_c1991.
300 _a74 p :
_bil. ;
_c21 cm.
490 1 _aBiblioteca de los símbolos ;
_v1
650 7 _aSignos y símbolos
_2embne
_917097
830 0 _aBiblioteca de los símbolos ;
_v1
_9179345
852 _aES-MaACL
_jL-20105
999 _c12671
_d12671